| 000 | 00616nam a2200193Ia 4500 | ||
|---|---|---|---|
| 008 | 151121s9999||||xx |||||||||||||| ||und|| | ||
| 082 | _a811/कुलक | ||
| 082 | _bHNW-62480 | ||
| 100 | _aकुलकर्णी शामकुमार | ||
| 245 | _aकैफियत | ||
| 260 | _b"शब्दांगण प्रकाशन, ठाणे।" | ||
| 260 | _c-- | ||
| 300 | _a64 | ||
| 600 | _aकुलकर्णी शामकुमार | ||
| 630 | _aकैफियत | ||
| 700 | _aकुलकर्णी शामकुमार | ||
| 730 | _aकैफियत | ||
| 942 | _cBOOK | ||
| 999 |
_c1244017 _d1244014 |
||